[Event "HUN-chT2 Asztalos 1819"]
[Site "Hungary"]
[Date "2019.02.10"]
[Round "5.9"]
[White "Dani, Ferenc"]
[Black "Schaffer, Karoly"]
[Result "0-1"]
[WhiteElo "1646"]
[BlackElo "1843"]
[PlyCount "58"]
[EventDate "2018.10.28"]
[EventType "team-tourn"]
[EventRounds "9"]
[EventCountry "HUN"]
[SourceTitle "CBM 189 Extra"]
[Source "ChessBase"]
[SourceDate "2019.06.03"]
[SourceVersion "1"]
[SourceVersionDate "2019.06.03"]
[SourceQuality "1"]
[WhiteTeam "Karmin"]
[BlackTeam "Marcali"]
[WhiteTeamCountry "HUN"]
[BlackTeamCountry "HUN"]

1. e4 c5 2. Nf3 Nc6 3. d4 cxd4 4. Nxd4 g6 5. Nc3 Bg7 6. Be3 Nf6 7. g3 0-0 8. Bg2 e5 9. Nb3 a6 10. 0-0 Ne7 11. h3 d6 12. Qd2 Be6 13. Rad1 Ne8 14. Bh6 Qc8 15. Kh2 f5 16. Bxg7 Kxg7 17. f4 fxe4 18. fxe5 Rxf1 19. Rxf1 d5 20. Qf4 Kh8 21. Nd4 Ng8 22. h4 Ng7 23. Nxe6 Qxe6 24. Bh3 Qc6 25. Qf7 d4 26. Bd7 Qc7 27. Nd5 Qxe5 28. Nf6 Nh6 29. Nd5 Nxf7 0-1

[Event "HUN-chT2 Asztalos 1415"]
[Site "Hungary"]
[Date "2015.02.08"]
[Round "6"]
[White "Hrubos, Viktor"]
[Black "Schaffer, Karoly"]
[Result "0-1"]
[WhiteElo "1830"]
[BlackElo "1841"]
[PlyCount "96"]
[EventDate "2014.10.12"]
[EventType "team-tourn"]
[EventRounds "9"]
[EventCountry "HUN"]
[SourceTitle "EXT 2016"]
[Source "ChessBase"]
[SourceDate "2015.10.08"]
[SourceVersion "1"]
[SourceVersionDate "2015.10.08"]
[SourceQuality "1"]
[WhiteTeam "Pecs Karmin"]
[BlackTeam "Marcali"]
[WhiteTeamCountry "HUN"]
[BlackTeamCountry "HUN"]

1. d4 Nf6 2. c4 b6 3. Nf3 g6 4. Nc3 Bg7 5. e4 d6 6. Be3 0-0 7. Qc2 Ng4 8. h4 f6 9. Bd2 Nc6 10. a3 f5 11. Qd3 Na5 12. Ne2 fxe4 13. Qxe4 Bf5 14. Qd5+ e6 15. Qb5 a6 16. Qa4 Nb7 17. h5 c5 18. hxg6 hxg6 19. Qb3 cxd4 20. Nfxd4 Nxf2 21. Qe3 Nc5 22. Kxf2 Nd3+ 23. Kg1 Ne5 24. Nxf5 Rxf5 25. Nd4 Rf6 26. Bc3 Qe7 27. Be2 Raf8 28. Nf3 Ng4 29. Qg5 Nf2 30. Qh4 Nxh1 31. Qxh1 e5 32. c5 b5 33. a4 Qa7 34. Kh2 g5 35. Qd1 Rh6+ 36. Kg3 Qxc5 37. Qd3 g4 38. b4 Qa7 39. Qd5+ Kh8 40. Qe4 Rf4 41. Qc2 gxf3 42. Bxf3 Qe7 43. Kf2 e4 44. Re1 Qh4+ 45. Kg1 Rxf3 46. Bxg7+ Kxg7 47. Qc7+ Rf7 48. Qc3+ Kh7 0-1

[Event "HUN-chT2 Asztalos 1314"]
[Site "Hungary"]
[Date "2014.04.27"]
[Round "9"]
[White "Schaffer, Karoly"]
[Black "Szabo, Csaba O"]
[Result "0-1"]
[WhiteElo "1856"]
[BlackElo "1780"]
[PlyCount "137"]
[EventDate "2013.09.08"]
[EventType "team-tourn"]
[EventRounds "9"]
[EventCountry "HUN"]
[SourceTitle "EXT 2016"]
[Source "ChessBase"]
[SourceDate "2015.10.08"]
[SourceVersion "1"]
[SourceVersionDate "2015.10.08"]
[SourceQuality "1"]
[WhiteTeam "Marcali"]
[BlackTeam "Pecs Karmin"]
[WhiteTeamCountry "HUN"]
[BlackTeamCountry "HUN"]

1. b4 d5 2. Bb2 Bf5 3. Nf3 e6 4. g3 Nf6 5. a3 Be7 6. Bg2 Nbd7 7. d3 c6 8. 0-0 0-0 9. Nh4 Bg6 10. Nxg6 hxg6 11. c4 Nh7 12. c5 Bf6 13. d4 e5 14. e3 e4 15. f3 exf3 16. Bxf3 Re8 17. Qd3 Qe7 18. Re1 Ng5 19. Nd2 Nxf3+ 20. Nxf3 Qe4 21. Qxe4 Rxe4 22. Re2 Rae8 23. Kf2 a6 24. a4 Ra8 25. Rb1 Nf8 26. Rbe1 Rae8 27. Nd2 R4e7 28. e4 dxe4 29. Nxe4 Ne6 30. h4 Kf8 31. Nxf6 gxf6 32. d5 cxd5 33. Bxf6 Rd7 34. Rd2 a5 35. b5 Nxc5 36. Bg7+ Kxg7 37. Rxe8 Nxa4 38. Ra2 Nc3 39. Rxa5 b6 40. Ra6 Nxb5 41. Rxb6 Nc3 42. g4 d4 43. g5 d3 44. Rbb8 f5 45. Rg8+ Kf7 46. Rbf8+ Ke6 47. Rxg6+ Ke5 48. Ra8 d2 49. Ra1 d1Q 50. Rxd1 Nxd1+ 51. Ke2 Nc3+ 52. Ke3 f4+ 53. Kf3 Rd3+ 54. Kg4 Rg3+ 55. Kh5 f3 56. Rf6 Ne4 57. Rf8 f2 58. Kh6 Rg1 59. h5 f1Q 60. Rxf1 Rxf1 61. g6 Rg1 62. Kg7 Kf5 63. Kf7 Nd6+ 64. Kg7 Rg5 65. Kh6 Kf6 66. g7 Nf5+ 67. Kh7 Rxg7+ 68. Kh8 Rb7 69. h6 0-1

[Event "HUN-chT2 Asztalos 1112"]
[Site "Hungary"]
[Date "2012.03.25"]
[Round "8.8"]
[White "Nagybiro, Laszlo"]
[Black "Schaffer, Karoly"]
[Result "1-0"]
[WhiteElo "1600"]
[BlackElo "1921"]
[PlyCount "69"]
[EventDate "2011.09.25"]
[EventType "team-tourn"]
[EventRounds "11"]
[EventCountry "HUN"]
[SourceTitle "EXT 2013"]
[Source "ChessBase"]
[SourceDate "2012.11.22"]
[SourceVersion "1"]
[SourceVersionDate "2012.11.22"]
[SourceQuality "1"]
[WhiteTeam "Decs II"]
[BlackTeam "Marcali"]
[WhiteTeamCountry "HUN"]
[BlackTeamCountry "HUN"]

1. d4 d5 2. c4 dxc4 3. Nc3 g6 4. e4 Bg7 5. Be3 Nc6 6. d5 Ne5 7. h3 e6 8. Bxc4 Nxc4 9. Qa4+ Bd7 10. Qxc4 a6 11. Rd1 b5 12. Qc5 e5 13. d6 c6 14. Nf3 f6 15. 0-0 Nh6 16. Bxh6 Bxh6 17. a4 0-0 18. b4 Qe8 19. axb5 axb5 20. Ra1 Qe6 21. Ra7 Rfd8 22. Rfa1 Rxa7 23. Rxa7 Bf8 24. Qb6 Qe8 25. Qc7 Bh6 26. Nb1 Bf4 27. Nbd2 f5 28. Nb3 fxe4 29. Nc5 exf3 30. Nxd7 Bg5 31. Nxe5 Be7 32. Qxe7 Qxe7 33. dxe7 Re8 34. gxf3 Kg7 35. Nxc6 1-0

[Event "HUN-chT2 Asztalos 1112"]
[Site "Hungary"]
[Date "2012.03.11"]
[Round "7.7"]
[White "Schaffer, Karoly"]
[Black "Lipcsei, Adam"]
[Result "1-0"]
[WhiteElo "1921"]
[BlackElo "1992"]
[PlyCount "75"]
[EventDate "2011.09.25"]
[EventType "team-tourn"]
[EventRounds "11"]
[EventCountry "HUN"]
[SourceTitle "EXT 2013"]
[Source "ChessBase"]
[SourceDate "2012.11.22"]
[SourceVersion "1"]
[SourceVersionDate "2012.11.22"]
[SourceQuality "1"]
[WhiteTeam "Marcali"]
[BlackTeam "Nagyatad"]
[WhiteTeamCountry "HUN"]
[BlackTeamCountry "HUN"]

1. b4 d5 2. Bb2 e6 3. Nf3 Nf6 4. b5 a6 5. a4 Bd7 6. e3 c6 7. Nc3 Bb4 8. Ne5 0-0 9. Bd3 Qc7 10. f4 c5 11. Na2 Ba5 12. c4 Ne4 13. Bxe4 dxe4 14. Nc3 Bxc3 15. Bxc3 f6 16. Ng4 Be8 17. Nf2 Bg6 18. Qc2 f5 19. d3 Nd7 20. dxe4 fxe4 21. Ng4 Rad8 22. Qb2 Bh5 23. Nf2 Nf6 24. Bxf6 Rxf6 25. Nxe4 Rf7 26. 0-0 Rd3 27. Rfe1 Rfd7 28. bxa6 bxa6 29. a5 Qc6 30. Qe5 Bg4 31. Nxc5 Rd2 32. e4 Rc7 33. Nb3 Rd3 34. Rab1 Rb7 35. Nd4 Rxb1 36. Rxb1 Qxc4 37. Rb8+ Kf7 38. Rb7+ 1-0

[Event "HUN-chT2 Asztalos 1011"]
[Site "Hungary"]
[Date "2011.04.10"]
[Round "8.10"]
[White "Schaffer, Karoly"]
[Black "Balazs, Andras1111"]
[Result "1-0"]
[WhiteElo "1905"]
[BlackElo "1912"]
[PlyCount "59"]
[EventDate "2010.09.12"]
[EventType "team-tourn"]
[EventRounds "11"]
[EventCountry "HUN"]
[SourceTitle "EXT 2012"]
[Source "ChessBase"]
[SourceDate "2011.11.24"]
[SourceVersion "1"]
[SourceVersionDate "2011.11.24"]
[SourceQuality "1"]
[WhiteTeam "Marcali"]
[BlackTeam "Mohacs"]
[WhiteTeamCountry "HUN"]
[BlackTeamCountry "HUN"]

1. b4 Nf6 2. Bb2 e6 3. b5 c6 4. c4 d5 5. e3 dxc4 6. Bxc4 cxb5 7. Bxb5+ Bd7 8. Qb3 Be7 9. Nc3 0-0 10. Nf3 Bxb5 11. Qxb5 Qd7 12. 0-0 a6 13. Qe2 Nc6 14. d4 Nd5 15. Ne4 Rfc8 16. a3 Nf6 17. Ng3 Bd6 18. Ne5 Qe7 19. Nc4 Bxg3 20. fxg3 Qd8 21. Rad1 Ne7 22. e4 Ne8 23. d5 exd5 24. exd5 Nd6 25. Qe5 Ne8 26. Rxf7 Kxf7 27. Rf1+ Kg8 28. Qe6+ Kh8 29. Rf8+ Ng8 30. Qxg8# 1-0

[Event "HUN-chT2 Asztalos 1011"]
[Site "Hungary"]
[Date "2010.10.24"]
[Round "4.10"]
[White "Schaffer, Karoly"]
[Black "Vince, Laszlo"]
[Result "1-0"]
[WhiteElo "1905"]
[BlackElo "1870"]
[PlyCount "75"]
[EventDate "2010.09.12"]
[EventType "team-tourn"]
[EventRounds "11"]
[EventCountry "HUN"]
[SourceTitle "EXT 2012"]
[Source "ChessBase"]
[SourceDate "2011.11.24"]
[SourceVersion "1"]
[SourceVersionDate "2011.11.24"]
[SourceQuality "1"]
[WhiteTeam "Marcali"]
[BlackTeam "Baja"]
[WhiteTeamCountry "HUN"]
[BlackTeamCountry "HUN"]

1. b4 Nf6 2. Bb2 g6 3. Nf3 Bg7 4. Nc3 d6 5. e3 b6 6. Be2 Bb7 7. 0-0 Nbd7 8. d4 0-0 9. Bd3 c5 10. dxc5 dxc5 11. b5 Nd5 12. Na4 N7f6 13. a3 Rc8 14. Qe2 Nc7 15. Rad1 Qe8 16. c4 Ne6 17. h3 Rb8 18. Nc3 Qc8 19. Bb1 Rd8 20. Rxd8+ Nxd8 21. e4 Nh5 22. Kh2 Ne6 23. Nd5 Qd8 24. Bxg7 Kxg7 25. Rd1 Qd6+ 26. e5 Nef4 27. Qe3 Nxd5 28. cxd5 Qc7 29. g4 Nf6 30. d6 Nxg4+ 31. hxg4 exd6 32. Rxd6 Qe7 33. Qg5 Qe8 34. Qf6+ Kg8 35. Kg3 Bxf3 36. Kxf3 Qxb5 37. Ba2 Rf8 38. Bxf7+ 1-0

[Event "HUN-chT2 Asztalos 1011"]
[Site "Hungary"]
[Date "2010.10.10"]
[Round "3.10"]
[White "Schaffer, Karoly"]
[Black "Konya, Attila Sr"]
[Result "1-0"]
[WhiteElo "1905"]
[BlackElo "1763"]
[PlyCount "135"]
[EventDate "2010.09.12"]
[EventType "team-tourn"]
[EventRounds "11"]
[EventCountry "HUN"]
[SourceTitle "EXT 2012"]
[Source "ChessBase"]
[SourceDate "2011.11.24"]
[SourceVersion "1"]
[SourceVersionDate "2011.11.24"]
[SourceQuality "1"]
[WhiteTeam "Marcali"]
[BlackTeam "Pannonpower II"]
[WhiteTeamCountry "HUN"]
[BlackTeamCountry "HUN"]

1. b4 Nf6 2. Bb2 e6 3. a3 c5 4. b5 d5 5. e3 Bd6 6. Nf3 Nbd7 7. a4 e5 8. d3 a6 9. Nbd2 Qa5 10. c3 0-0 11. Be2 Qb6 12. c4 axb5 13. axb5 Rxa1 14. Qxa1 d4 15. 0-0 Re8 16. Qa2 Qc7 17. Ra1 b6 18. e4 Nf8 19. Bc1 Ng6 20. Nf1 h6 21. Ng3 Nf4 22. Qa7 Bb7 23. Qa2 g6 24. Qb2 Ra8 25. Rxa8+ Bxa8 26. Qa2 Nxe2+ 27. Nxe2 Bb7 28. Bxh6 Ng4 29. Bg5 Kg7 30. Qd2 f5 31. Ng3 f4 32. Ne2 Bc8 33. g3 fxg3 34. hxg3 Qf7 35. Kg2 Kg8 36. Neg1 Qh7 37. Nh4 Qf7 38. f3 Nf6 39. Bxf6 Qxf6 40. Qh6 Kf7 41. Nh3 Be7 42. f4 Bxh3+ 43. Kxh3 exf4 44. Qxf4 Bd6 45. Qxf6+ Kxf6 46. Kg4 Bc7 47. Nf3 Bd6 48. e5+ Bxe5 49. Nxe5 Kxe5 50. Kg5 Ke6 51. Kxg6 Ke5 52. Kg5 Ke6 53. Kf4 Kf6 54. g4 Kg6 55. g5 Kg7 56. Kf5 Kf7 57. g6+ Kg7 58. Kg5 Kg8 59. Kf6 Kf8 60. Ke6 Kg7 61. Kd6 Kxg6 62. Kc6 Kf5 63. Kxb6 Kf4 64. Kxc5 Ke3 65. b6 Kxd3 66. b7 Kc3 67. b8Q d3 68. Qb1 1-0